| 000 | 01098nam a22003137a 4500 | ||
|---|---|---|---|
| 003 | CHAP | ||
| 005 | 20220329143640.0 | ||
| 008 | 101116s1883 mx a r 00010 spa d | ||
| 010 | _a99827 | ||
| 011 | _a100799 | ||
| 035 | _a111485 | ||
| 040 | _cCHAP | ||
| 082 | 1 | 4 |
_a691.4 _bT27 |
| 245 | 0 | 3 |
_aLa terra cotta lumber : _bIndestructible por el fuego, imperecedera por el tiempo _c/por [Secretaría de Fomento] |
| 260 |
_aMéxico, D.F. : _bSecretaría de Fomento, _c1883 |
||
| 300 |
_a54 p. : _bilus. |
||
| 500 | _a"Informe concerniente á un material nuevo para construcción fabricado por la New York Terra Cotta Lumber Company" | ||
| 590 |
_aBATCH-UPD _b10 _c20130110 _lUCH01 _h1232 |
||
| 590 |
_aBATCH-UPD _b10 _c20130410 _lUCH01 _h0801 |
||
| 590 |
_aBATCH-UPD _b10 _c20130914 _lUCH01 _h0032 |
||
| 590 |
_aCONVERSION _b10 _c20130109 _lUCH01 _h1355 |
||
| 650 | 1 | 4 |
_aAlfarería. _93901 |
| 650 | 1 | 4 |
_aArcilla. _96822 |
| 650 | 1 | 4 |
_aConstrucción _xMateriales de. _927387 |
| 901 | _aBK | ||
| 911 | _aen proceso | ||
| 942 | _cLIBRO | ||
| 949 |
_a691.4 T27 _bBC _cBPA _d33724002120248 _eBPA _h113792 _i111485 _sb |
||
| 999 |
_c99827 _d99827 |
||